Rammstein song lyrics: Wollt ihr das bett in flammen sehen - Statistics

General Stats
  • This quiz has been taken 8 times
  • The average score is 92 of 128
Answer Stats
Answer % Correct
bett
100%
das
100%
flammen
100%
ihr
100%
in
100%
sehen
100%
wo
100%
Wollt
100%
wollt
100%
rammstein
86%
sex
86%
und
86%
untergehen
86%
auch
71%
blut
71%
degen
71%
die
71%
eine
71%
haaren
71%
haut
71%
ist
71%
krieg
71%
lecken
71%
liebe
71%
schlacht
71%
vom
71%
doch
57%
stecken
57%
töten
57%
toten
57%
all
43%
den
43%
glaubt
43%
her
43%
ja
43%
kommen
43%
küssen
43%
meint
43%
seht
43%
zu
43%
auf
29%
darf
29%
dem
29%
dolch
29%
euch
29%
ins
29%
kissen
29%
kreuze
29%
lacken
29%
schwer
29%
unschuld
29%
wäre
29%
aus
14%
laken
14%
No matching quizzes found
Score Distribution
Percent of People with Each Score
Percentile by Number Answered
Your Score History
You have not taken this quiz